[Event "Titled Tuesday intern op 31st Jan Late"]
[Site "Chess.com INT"]
[Date "2023.01.31"]
[Round "5"]
[White "Bryakin, Mikhail"]
[Black "Tworuszka, Michal"]
[Result "1-0"]
[WhiteElo "2463"]
[BlackElo "2260"]
[PlyCount "113"]
[EventDate "2023.01.31"]
[EventType "swiss (blitz)"]
[EventRounds "11"]
[EventCountry "USA"]
[SourceTitle "CBM 212 Extra"]
[Source "ChessBase"]
[SourceDate "2023.03.31"]
[SourceVersion "1"]
[SourceVersionDate "2023.03.31"]
[SourceQuality "1"]

1. e4 c5 2. Bb5 a6 3. Be2 Nc6 4. f4 g6 5. Nf3 Nf6 6. d3 Bg7 7. 0-0 d5 8. e5 Ng4 9. h3 Nh6 10. c4 d4 11. Nbd2 f6 12. Ne4 b6 13. a3 a5 14. Bd2 0-0 15. Rb1 a4 16. b4 axb3 17. Qxb3 Ra6 18. Rf2 Nf7 19. Rbf1 h6 20. exf6 exf6 21. Nh4 Ne7 22. Ng3 f5 23. Bd1 Kh7 24. Nf3 Nc6 25. Re1 Bd7 26. Rfe2 Re8 27. Bc1 Rxe2 28. Rxe2 Ne7 29. Qc2 Ba4 30. Qd2 Bxd1 31. Qxd1 Nc6 32. Qe1 Qd7 33. Nh4 Ra7 34. Re6 Nh8 35. Qe2 Nd8 36. Rxb6 Qe7 37. Qxe7 Rxe7 38. Kf2 Rb7 39. Rxb7 Nxb7 40. a4 Nf7 41. Bd2 Bf8 42. a5 Nbd8 43. a6 Nc6 44. Ba5 Bd6 45. Bb6 Bxf4 46. a7 Nxa7 47. Bxa7 Ne5 48. Ne2 Nxd3+ 49. Kf1 Bg5 50. Nf3 Nb2 51. Nxg5+ hxg5 52. Bxc5 d3 53. Nc3 Nxc4 54. Kf2 Kg8 55. Bd4 Kf7 56. Kf3 Ke6 57. g4 1-0

[Event "Titled Tuesday intern op 31st Jan Late"]
[Site "Chess.com INT"]
[Date "2023.01.31"]
[Round "4"]
[White "Nazari, Arad"]
[Black "Tworuszka, Michal"]
[Result "0-1"]
[WhiteElo "2379"]
[BlackElo "2260"]
[PlyCount "112"]
[EventDate "2023.01.31"]
[EventType "swiss (blitz)"]
[EventRounds "11"]
[EventCountry "USA"]
[SourceTitle "CBM 212 Extra"]
[Source "ChessBase"]
[SourceDate "2023.03.31"]
[SourceVersion "1"]
[SourceVersionDate "2023.03.31"]
[SourceQuality "1"]

1. e4 c5 2. Nf3 d6 3. Bb5+ Bd7 4. Bxd7+ Nxd7 5. 0-0 Ngf6 6. Qe2 e6 7. c3 Be7 8. d4 cxd4 9. cxd4 d5 10. Nc3 dxe4 11. Nxe4 Nxe4 12. Qxe4 Qb6 13. Qg4 Bf6 14. d5 0-0 15. Be3 Qa6 16. dxe6 Qxe6 17. Qxe6 fxe6 18. Rad1 Nb6 19. b3 Nd5 20. Rfe1 Rfd8 21. Bd4 Kf7 22. Rc1 Rac8 23. Bxa7 Ra8 24. Bd4 Rxa2 25. g3 Rd7 26. Red1 Nb4 27. Bxf6 Rxd1+ 28. Rxd1 Kxf6 29. Rd7 Rb2 30. Rxb7 Nd3 31. Rd7 Nxf2 32. Nd2 Ng4 33. Rd4 h5 34. h3 Ne3 35. Kf2 Nf5 36. Rd3 g5 37. Kf3 Kg6 38. g4 hxg4+ 39. hxg4 Ne7 40. Ke4 Nd5 41. Ke5 Nf6 42. Kxe6 Nxg4 43. Nc4 Re2+ 44. Kd6 Nf6 45. b4 g4 46. b5 Kf5 47. b6 Re6+ 48. Kc7 Re7+ 49. Kc6 Ne4 50. b7 Re8 51. Rd5+ Kf4 52. Kc7 g3 53. Nb6 g2 54. Rd1 Nc5 55. Nd5+ Kg3 56. Nf6 Rf8 0-1

[Event "Titled Tuesday intern op 31st Jan Late"]
[Site "Chess.com INT"]
[Date "2023.01.31"]
[Round "11"]
[White "Tworuszka, Michal"]
[Black "Gubajdullin, Alexey"]
[Result "1-0"]
[WhiteElo "2260"]
[BlackElo "2300"]
[PlyCount "69"]
[EventDate "2023.01.31"]
[EventType "swiss (blitz)"]
[EventRounds "11"]
[EventCountry "USA"]
[SourceTitle "CBM 212 Extra"]
[Source "ChessBase"]
[SourceDate "2023.03.31"]
[SourceVersion "1"]
[SourceVersionDate "2023.03.31"]
[SourceQuality "1"]

1. e4 c5 2. Nf3 Nc6 3. Bb5 g6 4. Bxc6 bxc6 5. 0-0 Bg7 6. c3 Nh6 7. d4 cxd4 8. cxd4 f6 9. b3 Nf7 10. Bb2 d6 11. Nbd2 0-0 12. Qc2 Bd7 13. Rfe1 Qb8 14. Rac1 Rc8 15. Nc4 Qb5 16. e5 fxe5 17. dxe5 Bf5 18. Qe2 d5 19. Nd4 Qa6 20. Nxf5 gxf5 21. e6 Nh6 22. Bxg7 Kxg7 23. Qe5+ Kg6 24. Re3 Ng4 25. Rg3 dxc4 26. Rxc4 h5 27. h3 Qb5 28. Rc5 Qd3 29. hxg4 Qb1+ 30. Kh2 hxg4 31. Rxg4+ fxg4 32. Qg5+ Kh7 33. Qh5+ Kg7 34. Qf7+ Kh8 35. Rh5+ 1-0

[Event "Titled Tuesday intern op 31st Jan Late"]
[Site "Chess.com INT"]
[Date "2023.01.31"]
[Round "3"]
[White "Tworuszka, Michal"]
[Black "Holt, Conrad"]
[Result "0-1"]
[WhiteElo "2260"]
[BlackElo "2540"]
[PlyCount "68"]
[EventDate "2023.01.31"]
[EventType "swiss (blitz)"]
[EventRounds "11"]
[EventCountry "USA"]
[SourceTitle "CBM 212 Extra"]
[Source "ChessBase"]
[SourceDate "2023.03.31"]
[SourceVersion "1"]
[SourceVersionDate "2023.03.31"]
[SourceQuality "1"]

1. d4 d5 2. c4 c6 3. Nf3 Nf6 4. Nc3 dxc4 5. a4 Bf5 6. Ne5 Nbd7 7. Nxc4 Nb6 8. Ne5 a5 9. f3 Nfd7 10. Nd3 Bxd3 11. Qxd3 e5 12. dxe5 Nxe5 13. Qxd8+ Rxd8 14. Be3 Nbc4 15. Bc1 Bc5 16. e4 0-0 17. f4 Nd3+ 18. Bxd3 Rxd3 19. Ke2 Rfd8 20. Rd1 R3d4 21. Rxd4 Bxd4 22. Nd1 g6 23. Rb1 b5 24. b3 Nb6 25. axb5 cxb5 26. Be3 Bxe3 27. Nxe3 Rd4 28. Ra1 a4 29. bxa4 Nxa4 30. Kf3 Kg7 31. g4 Nc3 32. Nd5 Rd3+ 33. Kg2 Nxe4 34. Ra7 Rxd5 0-1

[Event "Titled Tuesday intern op 24th Jan Late"]
[Site "Chess.com INT"]
[Date "2023.01.24"]
[Round "8"]
[White "Tworuszka, Michal"]
[Black "Oro, Faustino"]
[Result "0-1"]
[WhiteElo "2260"]
[BlackElo "2182"]
[PlyCount "84"]
[EventDate "2023.01.24"]
[EventType "swiss (blitz)"]
[EventRounds "11"]
[EventCountry "USA"]
[SourceTitle "EXT 2024"]
[Source "ChessBase"]
[SourceDate "2023.10.10"]
[SourceVersion "1"]
[SourceVersionDate "2023.10.10"]
[SourceQuality "1"]

1. d4 Nf6 2. c4 e6 3. g3 d5 4. Nf3 Be7 5. Bg2 0-0 6. 0-0 dxc4 7. Nc3 c6 8. Ne5 Nbd7 9. Nxc4 Nb6 10. Ne5 Qc7 11. Bf4 Bd6 12. Rc1 Qb8 13. Bxc6 bxc6 14. Nxc6 Qb7 15. Bxd6 Qxc6 16. Bxf8 Kxf8 17. e4 Bb7 18. f3 Qd7 19. Qd3 a5 20. Rfd1 Ba6 21. Qc2 Nc4 22. Qf2 a4 23. d5 e5 24. b3 axb3 25. axb3 Nd6 26. Na4 Qd8 27. Nc5 Bb5 28. Ra1 Rc8 29. b4 g6 30. Ra7 Kg8 31. Rda1 Bc4 32. g4 Nb5 33. Rb7 Ne8 34. h4 Ned6 35. Rd7 Qf6 36. Kg2 Qf4 37. Re7 Nd4 38. Nd7 Bxd5 39. exd5 Rc2 40. Qxc2 Nxc2 41. Rxe5 Nxa1 42. Re4 Nxe4 0-1

[Event "Titled Tuesday intern op 24th Jan Late"]
[Site "Chess.com INT"]
[Date "2023.01.24"]
[Round "2"]
[White "Tworuszka, Michal"]
[Black "Sabar, Ethmane Daouda"]
[Result "1-0"]
[WhiteElo "2260"]
[BlackElo "2040"]
[PlyCount "83"]
[EventDate "2023.01.24"]
[EventType "swiss (blitz)"]
[EventRounds "11"]
[EventCountry "USA"]
[SourceTitle "EXT 2024"]
[Source "ChessBase"]
[SourceDate "2023.10.10"]
[SourceVersion "1"]
[SourceVersionDate "2023.10.10"]
[SourceQuality "1"]

1. d4 d5 2. c4 e6 3. Nf3 c6 4. Bg5 Qb6 5. Qc2 f5 6. e3 Nd7 7. Nc3 Ngf6 8. Bd3 Ne4 9. Bf4 Be7 10. 0-0 0-0 11. Ne5 g5 12. Nxd7 Bxd7 13. Be5 Qd8 14. f3 Nxc3 15. bxc3 Be8 16. Rab1 b6 17. cxd5 cxd5 18. c4 Bg6 19. Rfc1 Bf6 20. Bxf6 Qxf6 21. cxd5 exd5 22. Qc6 Qxc6 23. Rxc6 Rfc8 24. Rbc1 Rxc6 25. Rxc6 Rd8 26. Kf2 Rd7 27. Bb5 Rd8 28. Rc7 a5 29. Bc6 Rd6 30. a4 Bf7 31. Bb5 Kf8 32. Ke2 h5 33. Kd2 f4 34. exf4 gxf4 35. Ke2 Re6+ 36. Kf2 Re7 37. Rc6 Re6 38. Rc7 Re7 39. Rc8+ Kg7 40. Rc6 Re6 41. Rc7 Re7 42. Rxe7 1-0

[Event "Titled Tuesday intern op 10th Jan Early"]
[Site "Chess.com INT"]
[Date "2023.01.10"]
[Round "4"]
[White "Clawitter, Craig"]
[Black "Tworuszka, Michal"]
[Result "0-1"]
[WhiteElo "2050"]
[BlackElo "2260"]
[PlyCount "68"]
[EventDate "2023.01.10"]
[EventType "swiss (blitz)"]
[EventRounds "11"]
[EventCountry "USA"]
[SourceTitle "EXT 2024"]
[Source "ChessBase"]
[SourceDate "2023.10.10"]
[SourceVersion "1"]
[SourceVersionDate "2023.10.10"]
[SourceQuality "1"]

1. e4 c5 2. Nf3 d6 3. d4 cxd4 4. Nxd4 Nf6 5. Nc3 a6 6. Be3 e5 7. Nb3 Be6 8. f3 Be7 9. Qd2 0-0 10. g4 Nbd7 11. 0-0-0 b5 12. Rg1 b4 13. Nd5 Bxd5 14. exd5 a5 15. Kb1 Nb6 16. Bxb6 Qxb6 17. Bd3 a4 18. Nc1 a3 19. g5 Nd7 20. h4 axb2 21. Kxb2 Nc5 22. h5 Na4+ 23. Kb1 Nc3+ 24. Ka1 Qa5 25. Bc4 Ra7 26. g6 Rfa8 27. gxf7+ Kf8 28. Qxc3 bxc3 29. h6 Qb4 30. Bb3 Qa3 31. hxg7+ Kxf7 32. Nd3 Qxa2+ 33. Bxa2 Rxa2+ 34. Kb1 Ra1# 0-1

[Event "Titled Tuesday intern op 10th Jan Early"]
[Site "Chess.com INT"]
[Date "2023.01.10"]
[Round "3"]
[White "Larina, Marija"]
[Black "Tworuszka, Michal"]
[Result "1-0"]
[WhiteElo "1948"]
[BlackElo "2260"]
[PlyCount "107"]
[EventDate "2023.01.10"]
[EventType "swiss (blitz)"]
[EventRounds "11"]
[EventCountry "USA"]
[SourceTitle "EXT 2024"]
[Source "ChessBase"]
[SourceDate "2023.10.10"]
[SourceVersion "1"]
[SourceVersionDate "2023.10.10"]
[SourceQuality "1"]

1. e4 c5 2. Nc3 Nc6 3. g3 g6 4. Bg2 Bg7 5. Nge2 d6 6. d3 Nf6 7. 0-0 0-0 8. f4 a6 9. a4 Rb8 10. h3 Bd7 11. g4 Ne8 12. f5 b5 13. axb5 axb5 14. g5 Be5 15. Bf4 Nc7 16. Bxe5 Nxe5 17. Nf4 b4 18. Ncd5 Nxd5 19. Nxd5 Bc6 20. f6 Bxd5 21. exd5 exf6 22. gxf6 Nd7 23. Qf3 Kh8 24. Qf4 Ne5 25. Ra7 Rg8 26. Re7 b3 27. c3 Qf8 28. Rxe5 dxe5 29. Qxe5 Rd8 30. c4 Qd6 31. Qg5 Rde8 32. Qg4 Re5 33. d4 cxd4 34. Qxd4 Rge8 35. c5 Qa6 36. d6 Re2 37. d7 Rd8 38. c6 Rxg2+ 39. Kxg2 Qxc6+ 40. Kh2 Qxd7 41. Qe5 Qd6 42. Re1 Qxe5+ 43. Rxe5 Rb8 44. Re7 Kg8 45. Kg3 Kf8 46. Kf4 h6 47. Rc7 Rb4+ 48. Ke5 Rb8 49. Kd6 Ke8 50. Kc5 Kf8 51. Kc4 g5 52. Ra7 h5 53. Ra3 Rc8+ 54. Kd3 1-0